Normal view
MARC view
Entry Topical Term
001 - CONTROL NUMBER
- control field: 8125
003 - CONTROL NUMBER IDENTIFIER
- control field: BD-RjUL
005 - DATE AND TIME OF LATEST TRANSACTION
- control field: 20230725163746.0
008 - FIXED-LENGTH DATA ELEMENTS
- fixed length control field: 230725|| aca||aabn | a|a d
040 ## - CATALOGING SOURCE
- Original cataloging agency: BD-RjUL
- Transcribing agency: BD-RjUL
150 ## - HEADING--TOPICAL TERM
- Topical term or geographic name entry element: Refugees
- Form subdivision: Groups of people
670 ## - SOURCE DATA FOUND
- Source citation: Work cat.: (BD-RjUL)81603: Amin, Md. Al 8124, Survival strategies of the environmental refugees in Pabna District of Bangladesh / , 2020